00801 2200265 4500001002100000005001500021035002000036100001900056245007600075260005300151300003000204521003000234700003200264850001200296006001800308007000300326008004100329020002200370040001700392082001100409084001700420090002100437250001100458600006600469INLIS00000000069228220200617110826 a0010-0620000135 aHeru Kurniawan1 a150 Kata Bahasa Inggris /cHeru Kurniawan ; Dwi Aryanti ; Windiya Utami aSolo :bPT Tiga Serangkai Pustaka Mandiri,c2018 a64 hlm. :bilus ;c24 cm.1 aUntuk anak usia 3-5 tahun0 aDwi Aryanti ; Windiya Utami aJKPNPNAa ||| |ta200617 b 0 ind  a978-602-366-514-3 aJKPNPNAbind a372.41 a372.41 HER s aCB-D.9 2016-2128 aCet. 1 4aBuku Bacaan Anak Mengenal Jenis Kosakata Dalam Bahasa Inggris